| 000 | 00618nam a2200193 4500 | ||
|---|---|---|---|
| 001 | 122722 | ||
| 003 | ES-MaACL | ||
| 007 | t| | ||
| 008 | 070214s1986 sp r ||||1| spa d | ||
| 245 | 0 | 4 |
_aLos procedimientos penales _b: formularios, comentarios y jurisprudencia / _cJuan Piqué Vidal... [et al.]. |
| 250 | _a1ª ed. | ||
| 260 |
_aBarcelona : _bBosch, _c1986. |
||
| 300 |
_aXXXVII, 619 p. ; _c25 cm. |
||
| 490 | 1 | _aCol. de formularios jurídicos | |
| 700 | 1 |
_aPiqué Vidal, Juan. _992320 |
|
| 830 | 0 |
_aCol. de formularios jurídicos _9218873 |
|
| 852 |
_aES-MaACL _jL-9588 _bR.111881 |
||
| 999 |
_c122722 _d122722 |
||